[Event "Ligue elite du dimanche - S9"]
[Site "Montreal CAN"]
[Date "2018.09.23"]
[Round "1"]
[White "Tanaka, Tyler"]
[Black "Craciun, David"]
[Result "1-0"]
[WhiteElo "2156"]
[BlackElo "1924"]
[PlyCount "75"]
[EventDate "2018.09.23"]
[EventType "team"]
[EventRounds "5"]
[EventCountry "CAN"]
[WhiteTeam "L33la"]
[BlackTeam "FunkyChess"]

1. e4 e5 2. Nf3 Nc6 3. Bb5 a6 4. Ba4 Nf6 5. O-O Be7 6. Re1 b5 7. Bb3 O-O 8. d3
d6 9. a4 Bb7 10. Nc3 b4 11. Ne2 Re8 12. Ng3 h6 13. Nf5 Bf8 14. a5 Ne7 15. N3h4
Nxf5 16. Nxf5 d5 17. exd5 Nxd5 18. Qg4 Kh7 19. Ne3 Nf6 20. Qc4 Bd6 21. Qxf7 Rf8
22. Qc4 e4 23. d4 Nh5 24. g3 Rf3 25. d5 Qe7 26. c3 Re8 27. Bc2 Bc8 28. Ng2 Nf6
29. Nh4 Bg4 30. Bd1 Rd3 31. Bc2 Rf3 32. Nxf3 Bxf3 33. Bd1 Qd7 34. Bd2 Qf5 35.
cxb4 Rf8 36. Bxf3 exf3 37. Bc3 Ng4 38. Qe4 1-0

[Event "Ligue elite du dimanche - S9"]
[Site "Montreal CAN"]
[Date "2018.09.23"]
[Round "1"]
[White "Wu, Tony (Dongze)"]
[Black "Tsukerman, Julia"]
[Result "0-1"]
[WhiteElo "1953"]
[BlackElo "1674"]
[PlyCount "110"]
[EventDate "2018.09.23"]
[EventType "team"]
[EventRounds "5"]
[EventCountry "CAN"]
[WhiteTeam "Alpha Ã‰douards"]
[BlackTeam "KingKongFou"]

1. d4 Nf6 2. Nf3 e6 3. g3 d5 4. Bg2 c5 5. O-O Nc6 6. c4 Be7 7. cxd5 Nxd5 8. Nc3
Nxc3 9. bxc3 O-O 10. Be3 cxd4 11. cxd4 Bf6 12. Rb1 Qd7 13. Qd3 Rd8 14. Rfd1 b6
15. Ne5 Bxe5 16. dxe5 Qxd3 17. Rxd3 Rxd3 18. Bxc6 Rxe3 19. Rd1 g6 20. fxe3 Rb8
21. Rd8+ Kg7 22. Bd7 Rb7 23. Bxc8 Rc7 24. Ba6 Rc5 25. Rd7 Rxe5 26. Bc4 b5 27.
Bd3 a5 28. Rb7 b4 29. Rb5 Rxb5 30. Bxb5 Kf6 31. Kf2 Ke5 32. Kf3 Kd5 33. e4+ Kd4
34. e3+ Kc3 35. e5 Kb2 36. Bc4 a4 37. Kf4 h6 38. Ke4 Kc3 39. Bb5 b3 40. a3 b2
41. Bd3 Kb3 42. Kd4 Kxa3 43. Kc3 Ka2 44. Kb4 a3 45. Ka4 b1=Q 46. Bxb1+ Kxb1 47.
Kxa3 Kc2 48. Kb4 Kd3 49. Kc5 Kxe3 50. Kd6 Ke4 51. Ke7 Kxe5 52. Kxf7 Kf5 53. g4+
Kxg4 54. Kxe6 Kh3 55. Kf6 g5 0-1

[Event "Ligue elite du dimanche - S9"]
[Site "Montreal CAN"]
[Date "2018.09.23"]
[Round "1"]
[White "Zhong, Kevin"]
[Black "Saine, Zachary"]
[Result "0-1"]
[WhiteElo "2278"]
[BlackElo "2005"]
[PlyCount "128"]
[EventDate "2018.09.23"]
[EventType "team"]
[EventRounds "5"]
[EventCountry "CAN"]
[WhiteTeam "KingKongFou"]
[BlackTeam "Alpha Ã‰douards"]

1. e4 e5 2. Nf3 Nc6 3. Bc4 Nf6 4. d3 Be7 5. O-O d6 6. a4 O-O 7. a5 a6 8. Re1 h6
9. Nc3 Bg4 10. Be3 Kh8 11. Nd5 Nxd5 12. Bxd5 Nb4 13. Bb3 c5 14. h3 Bh5 15. g4
Bg6 16. Kg2 Nc6 17. Qd2 Nd4 18. Bd5 Rb8 19. b4 Bf6 20. bxc5 dxc5 21. c3 Nxf3
22. Kxf3 Bg5 23. Kg2 Qf6 24. Reb1 Bf4 25. Bxb7 Rfd8 26. Bd5 Rxb1 27. Rxb1 c4
28. Bxf4 exf4 29. f3 cxd3 30. Qxd3 Qh4 31. c4 Qg3+ 32. Kf1 Qxh3+ 33. Ke2 Qg2+
34. Kd1 h5 35. Qe2 Qg3 36. gxh5 Bxh5 37. Rb3 Kh7 38. Kc2 g5 39. c5 Qg1 40. c6
g4 41. Rb1 gxf3 42. Rxg1 fxe2 43. Kd2 f3 44. Ke3 Rg8 45. Rh1 Kg6 46. Kf2 Rb8
47. Rc1 Bg4 48. c7 Rb2 49. e5 Kg5 50. c8=Q Bxc8 51. Bxf3 Bg4 52. Be4 e1=Q+ 53.
Kxe1 Re2+ 54. Kf1 Rxe4 55. Rc7 Rf4+ 56. Ke1 Re4+ 57. Kd2 Be6 58. Rc6 Bc4 59.
Kc3 Bb5 60. Rc7 Kg6 61. Re7 Ra4 62. e6 f5 63. Rd7 Re4 64. Rd6 Kf6 0-1

[Event "Ligue elite du dimanche - S9"]
[Site "Montreal CAN"]
[Date "2018.10.14"]
[Round "2"]
[White "Craciun, David"]
[Black "Richard, Leo"]
[Result "1-0"]
[WhiteElo "1924"]
[BlackElo "1894"]
[PlyCount "63"]
[EventDate "2018.09.23"]
[EventType "team"]
[EventRounds "5"]
[EventCountry "CAN"]
[WhiteTeam "FunkyChess"]
[BlackTeam "Chess Homies"]

1. d4 e6 2. e4 d5 3. Nc3 dxe4 4. Nxe4 Bd7 5. Nf3 Bc6 6. Bd3 Nd7 7. O-O Ngf6 8.
Qe2 Be7 9. b3 O-O 10. c4 b6 11. Rd1 Qc8 12. Bb2 Qb7 13. Ng3 Bxf3 14. gxf3 c5
15. d5 Rae8 16. dxe6 fxe6 17. Qxe6+ Kh8 18. Ne4 Nh5 19. Qg4 Ndf6 20. Nxf6 Nxf6
21. Qh3 h6 22. Qf5 g6 23. Qf4 Kh7 24. Qg3 Rg8 25. Re1 Nh5 26. Qg4 Bf6 27. Rxe8
Bxb2 28. Rxg8 Kxg8 29. Qxg6+ Ng7 30. Re1 Kf8 31. Be4 Qe7 32. Qxh6 1-0

[Event "Ligue elite du dimanche - S9"]
[Site "Montreal CAN"]
[Date "2018.10.14"]
[Round "2"]
[White "Huang, Qiuyu"]
[Black "Soudre, Nicolas"]
[Result "0-1"]
[WhiteElo "2250"]
[BlackElo "2207"]
[PlyCount "116"]
[EventDate "2018.09.23"]
[EventType "team"]
[EventRounds "5"]
[EventCountry "CAN"]
[WhiteTeam "L33la"]
[BlackTeam "Alpha Ã‰douards"]

1. e4 e5 2. Nf3 Nc6 3. Bc4 Bc5 4. c3 Nf6 5. d3 O-O 6. b4 Be7 7. O-O d5 8. exd5
Nxd5 9. Re1 a6 10. h3 Bf6 11. Qb3 Nb6 12. Be3 Nxc4 13. dxc4 Be6 14. Rd1 Qc8 15.
Nbd2 b5 16. a4 bxc4 17. Qb2 Bd5 18. Qc2 Rd8 19. Ne4 Be7 20. Neg5 g6 21. b5 Na5
22. Nxe5 Bf6 23. Ngf3 Nb3 24. Rab1 axb5 25. axb5 Qb7 26. Ng4 Bg7 27. Bg5 Re8
28. Nd2 Nxd2 29. Qxd2 Bxg2 30. Nf6+ Bxf6 31. Bxf6 Bxh3 32. Qg5 Qf3 33. Re1 h6
34. Qg3 Qxf6 35. Qxh3 Rxe1+ 36. Rxe1 Qg5+ 37. Qg2 Qxg2+ 38. Kxg2 Ra3 39. Re7
Rxc3 40. Rxc7 Rb3 41. Rc5 c3 42. Kh2 c2 43. Rxc2 Rxb5 44. Kg3 Kg7 45. Rc6 h5
46. Ra6 Kh6 47. Rf6 Kg7 48. Ra6 g5 49. Rc6 Rb3+ 50. Kg2 f6 51. Ra6 Kg6 52. Rc6
g4 53. Ra6 Kg5 54. Ra8 h4 55. Rc8 f5 56. Rc4 Rb2 57. Kg1 g3 58. fxg3 hxg3 0-1

[Event "Ligue elite du dimanche - S9"]
[Site "Montreal CAN"]
[Date "2018.10.14"]
[Round "2"]
[White "Lafleche, Alain"]
[Black "Wu, Tony (Dongze)"]
[Result "0-1"]
[WhiteElo "1620"]
[BlackElo "1953"]
[PlyCount "40"]
[EventDate "2018.09.23"]
[EventType "team"]
[EventRounds "5"]
[EventCountry "CAN"]
[WhiteTeam "L33la"]
[BlackTeam "Alpha Ã‰douards"]

1. e4 c5 2. Nf3 d6 3. d4 cxd4 4. Nxd4 Nf6 5. Nc3 g6 6. f3 Bg7 7. Be3 O-O 8. Qd2
Nc6 9. O-O-O d5 10. exd5 Nxd5 11. Nxd5 Qxd5 12. Kb1 Be6 13. Nb3 Qe5 14. Qc1
Rfd8 15. Be2 Nb4 16. Bd3 Bxb3 17. a3 Nxd3 18. Rxd3 Rxd3 19. cxd3 Be6 20. Qc5
Qxb2# 0-1

[Event "Ligue elite du dimanche - S9"]
[Site "Montreal CAN"]
[Date "2018.10.14"]
[Round "2"]
[White "Morin, Louis"]
[Black "Tsukerman, Julia"]
[Result "1-0"]
[WhiteElo "1923"]
[BlackElo "1674"]
[PlyCount "65"]
[EventDate "2018.09.23"]
[EventType "team"]
[EventRounds "5"]
[EventCountry "CAN"]
[WhiteTeam "Shredders"]
[BlackTeam "KingKongFou"]

1. e4 c5 2. a3 Nc6 3. b4 cxb4 4. axb4 Nxb4 5. c3 Nc6 6. d4 e6 7. Nf3 d5 8. e5
a6 9. Bd3 Bd7 10. O-O g6 11. Bg5 Be7 12. Bf4 b5 13. Nbd2 Na5 14. Qe2 Kf8 15.
Ra2 Nc4 16. Rfa1 Qc8 17. Nb3 Bc6 18. h4 h6 19. Qc2 Kg7 20. h5 g5 21. Bg3 Bb7
22. Nh2 Bf8 23. Ng4 Ne7 24. Nc5 Nc6 25. f4 Be7 26. f5 Bxc5 27. dxc5 exf5 28.
Bxf5 Qf8 29. Qf2 Ne7 30. Bd3 f5 31. exf6+ Kg8 32. fxe7 Qxe7 33. Re2 1-0

[Event "Ligue elite du dimanche - S9"]
[Site "Montreal CAN"]
[Date "2018.10.14"]
[Round "2"]
[White "Morin-Pare, Victor"]
[Black "Omichi, Haruaki"]
[Result "0-1"]
[WhiteElo "1878"]
[BlackElo "1658"]
[PlyCount "136"]
[EventDate "2018.09.23"]
[EventType "team"]
[EventRounds "5"]
[EventCountry "CAN"]
[WhiteTeam "Chess Homies"]
[BlackTeam "FunkyChess"]

1. d4 d5 2. Bf4 Nf6 3. Nf3 e6 4. e3 Bd6 5. Bg3 b6 6. Nbd2 Bb7 7. Bd3 c5 8. c3
O-O 9. Bxd6 Qxd6 10. Ne5 Nc6 11. f4 Ne4 12. Nxe4 dxe4 13. Bxe4 cxd4 14. exd4
Rab8 15. Qd3 f5 16. Bf3 Rfd8 17. Rd1 Ne7 18. Bxb7 Rxb7 19. O-O b5 20. Qf3 Nd5
21. Rd3 Qc7 22. Qh5 Nf6 23. Qh4 b4 24. Rg3 Ne4 25. Rh3 Nf6 26. Rd1 bxc3 27.
Rxc3 Qb6 28. Rb3 Qc7 29. Rxb7 Qxb7 30. Qf2 Qd5 31. Qc2 Nh5 32. g3 Qd6 33. Qc6
Qxc6 34. Nxc6 Rd6 35. Ne5 Nf6 36. Rc1 h6 37. Rc8+ Kh7 38. Nf3 Rb6 39. b3 Ra6
40. Rc2 Nd5 41. a4 Rb6 42. Nd2 Ne3 43. Rc3 Nd5 44. Rc1 g5 45. fxg5 hxg5 46. Kf2
Kg6 47. Re1 Kf6 48. Kf3 Rb4 49. h4 Rxd4 50. hxg5+ Kxg5 51. Ke2 Kg4 52. Nf1 Nc3+
53. Kf2 Ne4+ 54. Kg2 Rd3 55. Re3 Rd1 56. Nh2+ Kh5 57. g4+ Kg5 58. gxf5 exf5 59.
Nf3+ Kf4 60. Re1 Rd3 61. Rf1 Rd5 62. Nd2+ Kg4 63. Nxe4 fxe4 64. Kf2 Rd3 65. Re1
Kf4 66. Rb1 Rd2+ 67. Ke1 Rh2 68. Rd1 Ke3 0-1

[Event "Ligue elite du dimanche - S9"]
[Site "Montreal CAN"]
[Date "2018.10.14"]
[Round "2"]
[White "Zhong, Kevin"]
[Black "Chang, Alexander RZ"]
[Result "0-1"]
[WhiteElo "2278"]
[BlackElo "1911"]
[PlyCount "142"]
[EventDate "2018.09.23"]
[EventType "team"]
[EventRounds "5"]
[EventCountry "CAN"]
[WhiteTeam "KingKongFou"]
[BlackTeam "Shredders"]

1. e4 e5 2. Nf3 Nc6 3. Bc4 Bc5 4. c3 Nf6 5. d3 d6 6. Bb3 O-O 7. O-O Bb6 8. h3
h6 9. Nbd2 Be6 10. Nc4 Ne7 11. Re1 Ng6 12. d4 Re8 13. d5 Bd7 14. a4 Bc5 15. Na5
Qc8 16. Nh2 Nh4 17. Qd3 Nh7 18. Qg3 Ng6 19. Bd1 Nf6 20. b4 Bb6 21. Nc4 a6 22.
h4 Kh7 23. h5 Nf4 24. Bxf4 exf4 25. Qxf4 Nxd5 26. Qxf7 Nxc3 27. Qg6+ Kh8 28.
Rc1 Bd4 29. Nf3 Re6 30. Qg3 Nxe4 31. Rxe4 Rxe4 32. Nxd6 cxd6 33. Rxc8+ Rxc8 34.
Bb3 Be5 35. Nxe5 Rxe5 36. Qf3 Bc6 37. Qf7 d5 38. Bc2 Bd7 39. Qg6 Kg8 40. Qh7+
Kf7 41. Qg6+ Kf8 42. Qd6+ Re7 43. Bg6 Be6 44. f4 Bf7 45. f5 Rc6 46. Qb8+ Be8
47. Qd8 Rf6 48. Qxd5 Bxg6 49. hxg6 Rc6 50. Kh2 Ke8 51. b5 axb5 52. axb5 Rf6 53.
Kh3 Rd7 54. Qg8+ Rf8 55. Qe6+ Kd8 56. b6 Re8 57. Qc4 Rf8 58. Qc5 Rf6 59. Qa5
Ke7 60. Qe5+ Kf8 61. Qc5+ Ke8 62. Kg4 Rfd6 63. Qc8+ Ke7 64. Qg8 Kf6 65. Qf8+
Ke5 66. Qe8+ Kf6 67. Qf8+ Ke5 68. Kh5 Kf4 69. Qe8 Rd1 70. g3+ Kf3 71. Qxd7 Rh1#
0-1

[Event "Ligue elite du dimanche - S9"]
[Site "Montreal CAN"]
[Date "2018.10.21"]
[Round "3"]
[White "Beaulieu, Eric"]
[Black "Huang, Qiuyu"]
[Result "0-1"]
[WhiteElo "2255"]
[BlackElo "2250"]
[PlyCount "78"]
[EventDate "2018.09.23"]
[EventType "team"]
[EventRounds "5"]
[EventCountry "CAN"]
[WhiteTeam "KingKongFou"]
[BlackTeam "L33la"]

1. d4 d5 2. Nf3 Nf6 3. e3 e6 4. Bd3 b6 5. b3 Bb7 6. O-O Bd6 7. Bb2 Nc6 8. Nbd2
Ne7 9. Ne5 c6 10. Qe2 Qc7 11. f4 Ng6 12. Rac1 O-O 13. Rf3 c5 14. Bxg6 fxg6 15.
Rh3 Bxe5 16. fxe5 Ne4 17. Rf3 Nxd2 18. Qxd2 c4 19. Ba3 Rf5 20. Bd6 Qc6 21. Rcf1
a5 22. g4 Rxf3 23. Rxf3 h6 24. Qf2 cxb3 25. axb3 Qd7 26. h4 b5 27. c3 a4 28.
bxa4 bxa4 29. Ba3 Ba6 30. Qc2 Qc7 31. Bb4 a3 32. Bxa3 Be2 33. Bd6 Qc4 34. Rf2
Ra1+ 35. Kh2 Bxg4 36. Qxg6 Bf5 37. Qe8+ Kh7 38. Rg2 Ra2 39. Qh5 Be4 0-1

[Event "Ligue elite du dimanche - S9"]
[Site "Montreal CAN"]
[Date "2018.10.21"]
[Round "3"]
[White "Chang, Alexander RZ"]
[Black "Craciun, David"]
[Result "0-1"]
[WhiteElo "1911"]
[BlackElo "1924"]
[PlyCount "70"]
[EventDate "2018.09.23"]
[EventType "team"]
[EventRounds "5"]
[EventCountry "CAN"]
[WhiteTeam "Shredders"]
[BlackTeam "FunkyChess"]

1. e4 e5 2. Nf3 Nc6 3. Bb5 a6 4. Bxc6 dxc6 5. O-O Bg4 6. h3 h5 7. d3 Qf6 8.
Nbd2 Ne7 9. Re1 Ng6 10. Nf1 Bxf3 11. Qxf3 Qxf3 12. gxf3 Nf4 13. Kh2 O-O-O 14.
Be3 g6 15. Bxf4 exf4 16. Rad1 Bg7 17. c3 c5 18. h4 b5 19. Rd2 Rd7 20. Red1 Rhd8
21. a3 a5 22. Kg2 Kb7 23. Nh2 b4 24. axb4 axb4 25. c4 Ra8 26. Re1 Be5 27. Kf1
Ra2 28. Ree2 Rd6 29. Ke1 Rda6 30. Nf1 b3 31. Nh2 Ra1+ 32. Rd1 Rxd1+ 33. Kxd1
Ra1+ 34. Kd2 Bxb2 35. e5 Bd4 0-1

[Event "Ligue elite du dimanche - S9"]
[Site "Montreal CAN"]
[Date "2018.10.21"]
[Round "3"]
[White "Omichi, Haruaki"]
[Black "Morin, Louis"]
[Result "0-1"]
[WhiteElo "1658"]
[BlackElo "1923"]
[PlyCount "56"]
[EventDate "2018.09.23"]
[EventType "team"]
[EventRounds "5"]
[EventCountry "CAN"]
[WhiteTeam "FunkyChess"]
[BlackTeam "Shredders"]

1. e4 c5 2. Nc3 Nf6 3. d3 d6 4. g3 e5 5. Bg2 Be7 6. Nge2 O-O 7. O-O Nc6 8. h3
Nh5 9. g4 Nf6 10. Ng3 g6 11. f4 exf4 12. Bxf4 Ne5 13. Qd2 Be6 14. Nd5 Ne8 15.
Nxe7+ Qxe7 16. Bh6 Ng7 17. Bxg7 Kxg7 18. Nf5+ gxf5 19. gxf5 Kh8 20. Qh6 Rg8 21.
fxe6 Rg6 22. Qe3 Rag8 23. Rf2 fxe6 24. Kh1 Qg7 25. Qe2 Rg3 26. Raf1 Nf3 27.
Rxf3 Rxg2 28. Qe3 Rh2+ 0-1

[Event "Ligue elite du dimanche - S9"]
[Site "Montreal CAN"]
[Date "2018.10.21"]
[Round "3"]
[White "Richard, Leo"]
[Black "Saine, Zachary"]
[Result "0-1"]
[WhiteElo "1894"]
[BlackElo "2005"]
[PlyCount "64"]
[EventDate "2018.09.23"]
[EventType "team"]
[EventRounds "5"]
[EventCountry "CAN"]
[WhiteTeam "Chess Homies"]
[BlackTeam "Alpha Ã‰douards"]

1. d4 d5 2. c4 e6 3. Nc3 c6 4. Nf3 dxc4 5. e4 b5 6. a4 Bb4 7. Bd2 a5 8. axb5
Bxc3 9. Bxc3 cxb5 10. b3 Bb7 11. d5 Nf6 12. Bxf6 Qxf6 13. bxc4 O-O 14. e5 Qf4
15. Qd4 Qxd4 16. Nxd4 b4 17. dxe6 fxe6 18. O-O-O Rxf2 19. Nxe6 Nc6 20. Nc5 a4
21. Kb1 a3 22. Bd3 Nxe5 23. Bc2 a2+ 24. Kb2 Nxc4+ 25. Kb3 Bd5 26. Rxd5 a1=Q 27.
Rxa1 Rxa1 28. Bxh7+ Kxh7 29. Kxc4 Rf4+ 30. Kb3 Ra3+ 31. Kb2 Rf2+ 32. Kb1 Ra5
0-1

[Event "Ligue elite du dimanche - S9"]
[Site "Montreal CAN"]
[Date "2018.10.21"]
[Round "3"]
[White "Tanaka, Tyler"]
[Black "Zhong, Kevin"]
[Result "1/2-1/2"]
[WhiteElo "2156"]
[BlackElo "2278"]
[PlyCount "47"]
[EventDate "2018.09.23"]
[EventType "team"]
[EventRounds "5"]
[EventCountry "CAN"]
[WhiteTeam "L33la"]
[BlackTeam "KingKongFou"]

1. e4 c5 2. Nf3 Nc6 3. d4 cxd4 4. Nxd4 Nf6 5. Nc3 d6 6. Bg5 e6 7. Qd2 a6 8.
O-O-O Bd7 9. f4 h6 10. Bh4 Nxe4 11. Nxe4 Qxh4 12. Nf3 Qe7 13. Nxd6+ Qxd6 14.
Qxd6 Bxd6 15. Rxd6 Ke7 16. Rd2 Rac8 17. g3 Rc7 18. Kb1 Rhc8 19. Bg2 h5 20. Rhd1
Be8 21. Re1 Kf6 22. Rd6 Ke7 23. Rd2 Kf6 24. Rd6 1/2-1/2

[Event "Ligue elite du dimanche - S9"]
[Site "Montreal CAN"]
[Date "2018.10.21"]
[Round "3"]
[White "Tsukerman, Julia"]
[Black "Lafleche, Alain"]
[Result "1-0"]
[WhiteElo "1674"]
[BlackElo "1620"]
[PlyCount "107"]
[EventDate "2018.09.23"]
[EventType "team"]
[EventRounds "5"]
[EventCountry "CAN"]
[WhiteTeam "KingKongFou"]
[BlackTeam "L33la"]

1. e4 e5 2. Nf3 Nc6 3. Bb5 a6 4. Ba4 Nf6 5. d3 d6 6. c3 g6 7. O-O Bg7 8. Re1
O-O 9. h3 b5 10. Bb3 d5 11. exd5 Nxd5 12. Bg5 Qd6 13. Nbd2 f5 14. c4 h6 15.
cxd5 Nb4 16. Be3 Nxd3 17. Qc2 Nxe1 18. Rxe1 Rd8 19. Bc5 Qd7 20. Nxe5 Bxe5 21.
Rxe5 Re8 22. d6+ Kh7 23. Re7+ Rxe7 24. dxe7 Bb7 25. Bf7 Bd5 26. Qd3 Be6 27.
Qxd7 Bxd7 28. Nf3 b4 29. Bxb4 Rb8 30. Ne5 Be8 31. Bxe8 Rxe8 32. Kf1 Kg7 33. Nd7
Kf7 34. Ke2 Ke6 35. Nf8+ Kf7 36. Kd3 g5 37. Kc4 Rb8 38. Nd7 Re8 39. Kd5 a5 40.
Ba3 a4 41. Nf8 Ra8 42. Kc6 Ra5 43. Kxc7 Re5 44. Kd8 h5 45. Nd7 Re2 46. Bd6 Re4
47. Bc5 h4 48. Nf6 Kxf6 49. e8=Q Rxe8+ 50. Kxe8 Kg6 51. Ke7 g4 52. Ke6 f4 53.
hxg4 f3 54. gxf3 1-0

[Event "Ligue elite du dimanche - S9"]
[Site "Montreal CAN"]
[Date "2018.10.21"]
[Round "3"]
[White "Wu, Tony (Dongze)"]
[Black "Morin-Pare, Victor"]
[Result "1/2-1/2"]
[WhiteElo "1953"]
[BlackElo "1878"]
[PlyCount "223"]
[EventDate "2018.09.23"]
[EventType "team"]
[EventRounds "5"]
[EventCountry "CAN"]
[WhiteTeam "Alpha Ã‰douards"]
[BlackTeam "Chess Homies"]

1. d4 Nf6 2. c4 g6 3. g3 Bg7 4. Bg2 O-O 5. Nf3 d6 6. O-O Nc6 7. d5 Na5 8. Nfd2
c5 9. Qc2 a6 10. Nc3 e6 11. Rd1 exd5 12. Nxd5 Nxd5 13. Bxd5 Rb8 14. Ne4 Bf5 15.
g4 Bxe4 16. Bxe4 Qh4 17. Rd3 Be5 18. h3 Rbe8 19. Kg2 f5 20. Bd5+ Kh8 21. gxf5
Rxf5 22. e4 Rf6 23. Be3 Ref8 24. Qe2 Nc6 25. Bxc6 bxc6 26. Rf1 Qxe4+ 27. f3 Qh4
28. f4 Bxf4 29. Bxf4 Rxf4 30. Rxf4 Qxf4 31. Ra3 Qg5+ 32. Rg3 Qf5 33. Ra3 Qg5+
34. Rg3 Qe5 35. Qxe5+ dxe5 36. Ra3 Rd8 37. Kf3 Rd4 38. b3 Kg7 39. Rxa6 Rd6 40.
Ra5 Kf6 41. Rxc5 Kf5 42. Ke3 h5 43. a4 Rd1 44. Rxc6 Rh1 45. Rb6 Rxh3+ 46. Kf2
Kf4 47. a5 Rh2+ 48. Kg1 Ra2 49. Rxg6 Rxa5 50. Rg2 e4 51. Rb2 e3 52. b4 Rg5+ 53.
Kf1 Kf3 54. b5 Rc5 55. Rc2 e2+ 56. Ke1 h4 57. Rc3+ Kg2 58. Kxe2 h3 59. Kd3 Rf5
60. Ke4 h2 61. Kxf5 h1=Q 62. Ke4 Qe1+ 63. Kd4 Qd2+ 64. Rd3 Qb4 65. Kd5 Kf2 66.
Rd4 Ke3 67. Re4+ Kd3 68. Rh4 Qe7 69. Rh3+ Kc2 70. Rh2+ Kb3 71. Rf2 Qd7+ 72. Ke4
Kxc4 73. Rf5 Qd4+ 74. Kf3 Kd3 75. Kg3 Qg1+ 76. Kf4 Qh2+ 77. Kg5 Ke4 78. Kg6
Qd6+ 79. Rf6 Qg3+ 80. Kh7 Ke5 81. Rg6 Qh3+ 82. Kg7 Qd7+ 83. Kh6 Qf7 84. b6 Kf5
85. Rg5+ Kf6 86. Rg3 Qf8+ 87. Kh5 Qc5+ 88. Kh6 Qc1+ 89. Kh5 Qd1+ 90. Kh4 Qd4+
91. Kh5 Qe5+ 92. Kh4 Qf4+ 93. Kh3 Qb4 94. Rf3+ Ke5 95. Re3+ Kf4 96. Rg3 Qxb6
97. Rg4+ Kf5 98. Rg3 Qb7 99. Rg2 Qf3+ 100. Kh2 Kf4 101. Kh1 Qf1+ 102. Kh2 Qe1
103. Rc2 Kf3 104. Rg2 Qe5+ 105. Kg1 Qc5+ 106. Kh2 Qc7+ 107. Kg1 Qc1+ 108. Kh2
Qf1 109. Rg3+ Kf4 110. Rg4+ Ke3 111. Rg3+ Kf2 112. Rf3+ 1/2-1/2

[Event "Ligue elite du dimanche - S9"]
[Site "Montreal CAN"]
[Date "2018.11.18"]
[Round "4"]
[White "Masse, Hugues"]
[Black "Soudre, Nicolas"]
[Result "1/2-1/2"]
[WhiteElo "2268"]
[BlackElo "2207"]
[PlyCount "134"]
[EventDate "2018.09.23"]
[EventType "team"]
[EventRounds "5"]
[EventCountry "CAN"]
[WhiteTeam "FunkyChess"]
[BlackTeam "Alpha Ã‰douards"]

1. e4 e6 2. d4 d5 3. Nc3 Nf6 4. e5 Nfd7 5. f4 c5 6. Nf3 Nc6 7. Be3 a6 8. Qd2 b5
9. a3 Qa5 10. Ra2 Qb6 11. Ne2 b4 12. axb4 Nxb4 13. Ra1 Nc6 14. Rb1 Be7 15. dxc5
Bxc5 16. Ned4 a5 17. c3 a4 18. Bd3 Ba6 19. b4 axb3 20. Rxb3 Qc7 21. O-O Na5 22.
Rbb1 Bxd3 23. Qxd3 Nc4 24. Bf2 h6 25. f5 Ndxe5 26. Nxe5 Qxe5 27. fxe6 O-O 28.
Rbe1 Qc7 29. Kh1 Bxd4 30. exf7+ Rxf7 31. Bxd4 Raf8 32. Rxf7 Qxf7 33. Bc5 Qf5
34. Qe2 Rb8 35. h3 Rb1 36. Rxb1 Qxb1+ 37. Kh2 Qb8+ 38. Kh1 Qb1+ 39. Bg1 Qf5 40.
Bd4 Qb1+ 41. Bg1 Qf5 42. Bf2 Kf7 43. Bg3 g6 44. Kh2 Qe6 45. Qf2+ Qf6 46. Qc5
Qe6 47. Qa7+ Qe7 48. Qd4 Qe6 49. Qa7+ Qe7 50. Qa8 Qe4 51. Qb7+ Kg8 52. Qc8+ Kf7
53. Qh8 Ne3 54. Qh7+ Ke8 55. Qg8+ Ke7 56. Qg7+ Ke8 57. Qg8+ Ke7 58. Qg7+ Ke8
59. Qe5+ Qxe5 60. Bxe5 h5 61. Kg3 Kf7 62. Kf3 Nc4 63. Kf4 Nd2 64. Bd4 Ke6 65.
Kg5 Kf7 66. Kf4 Ke6 67. Kg5 Kf7 1/2-1/2

[Event "Ligue elite du dimanche - S9"]
[Site "Montreal CAN"]
[Date "2018.11.18"]
[Round "4"]
[White "Morin, Louis"]
[Black "Lafleche, Alain"]
[Result "1-0"]
[WhiteElo "1893"]
[BlackElo "1620"]
[PlyCount "61"]
[EventDate "2018.09.23"]
[EventType "team"]
[EventRounds "5"]
[EventCountry "CAN"]
[WhiteTeam "Shredders"]
[BlackTeam "L33la"]

1. e4 e5 2. Qh5 Nc6 3. Bc4 g6 4. Qf3 Qf6 5. Ne2 Qxf3 6. gxf3 Nd4 7. Nxd4 exd4
8. d3 Bg7 9. c3 Ne7 10. cxd4 Bxd4 11. Nc3 c6 12. Be3 Bg7 13. Bc5 b5 14. Bb3 Bb7
15. a4 a6 16. d4 d6 17. Bxd6 Bxd4 18. Rd1 c5 19. axb5 Bxc3+ 20. bxc3 axb5 21.
Bxc5 Rc8 22. Bd4 O-O 23. Bf6 Nc6 24. h4 h5 25. Rg1 Kh7 26. Rd7 Na5 27. Bxf7
Rxf7 28. Rxf7+ Kg8 29. Rd7 b4 30. Rxg6+ Kf8 31. Rh6 1-0

[Event "Ligue elite du dimanche - S9"]
[Site "Montreal CAN"]
[Date "2018.11.18"]
[Round "4"]
[White "Morin-Pare, Victor"]
[Black "Latorre, Vincent"]
[Result "1-0"]
[WhiteElo "1878"]
[BlackElo "1719"]
[PlyCount "53"]
[EventDate "2018.09.23"]
[EventType "team"]
[EventRounds "5"]
[EventCountry "CAN"]
[WhiteTeam "Chess Homies"]
[BlackTeam "KingKongFou"]

1. d4 Nf6 2. Bf4 g6 3. Nc3 d5 4. e3 c5 5. Nf3 Bg7 6. Ne5 O-O 7. h4 Nc6 8. h5
Nxh5 9. Rxh5 gxh5 10. Qxh5 f5 11. O-O-O cxd4 12. exd4 e6 13. Bd3 Qe8 14. Qh2
Nxe5 15. dxe5 Bd7 16. g4 Rc8 17. gxf5 exf5 18. Rg1 Be6 19. Bh6 Rf7 20. Nb5 Rd8
21. Qg2 Qf8 22. Nd4 Re8 23. Bxf5 Bxf5 24. Nxf5 Ree7 25. Nxe7+ Qxe7 26. e6 Kh8
27. Kd1 1-0

[Event "Ligue elite du dimanche - S9"]
[Site "Montreal CAN"]
[Date "2018.11.18"]
[Round "4"]
[White "Tanaka, Tyler"]
[Black "Chang, Alexander RZ"]
[Result "1-0"]
[WhiteElo "2148"]
[BlackElo "1904"]
[PlyCount "91"]
[EventDate "2018.09.23"]
[EventType "team"]
[EventRounds "5"]
[EventCountry "CAN"]
[WhiteTeam "L33la"]
[BlackTeam "Shredders"]

1. e4 e5 2. Nf3 Nf6 3. Nxe5 d6 4. Nf3 Nxe4 5. Nc3 Nxc3 6. dxc3 Be7 7. Be3 Be6
8. Nd4 Qd7 9. Bb5 Nc6 10. Qf3 d5 11. Nxe6 Qxe6 12. O-O-O O-O-O 13. Bxc6 Qxc6
14. Qxf7 Bf6 15. Qh5 Kb8 16. Bd4 Rhf8 17. f3 h6 18. Bxf6 Rxf6 19. Rhe1 b6 20.
Qe5 Rdd6 21. Qd4 Qd7 22. Re5 c5 23. Qe3 Rfe6 24. Re1 d4 25. cxd4 cxd4 26. Qe2
Rxe5 27. Qxe5 Qc6 28. Qe8+ Qxe8 29. Rxe8+ Kc7 30. Re7+ Rd7 31. Rxd7+ Kxd7 32.
Kd2 Kd6 33. Kd3 Kd5 34. f4 g6 35. g4 a6 36. b4 b5 37. a3 g5 38. f5 Ke5 39. h3
Kd5 40. f6 Ke6 41. Kxd4 Kxf6 42. Kd5 Kg6 43. c4 bxc4 44. Kxc4 Kf6 45. Kd5 Ke7
46. a4 1-0

[Event "Ligue elite du dimanche - S9"]
[Site "Montreal CAN"]
[Date "2018.11.18"]
[Round "4"]
[White "Wu, Tony (Dongze)"]
[Black "Omichi, Haruaki"]
[Result "1-0"]
[WhiteElo "1953"]
[BlackElo "1658"]
[PlyCount "93"]
[EventDate "2018.09.23"]
[EventType "team"]
[EventRounds "5"]
[EventCountry "CAN"]
[WhiteTeam "Alpha Ã‰douards"]
[BlackTeam "FunkyChess"]

1. d4 d5 2. Nf3 Nf6 3. g3 e6 4. Bg2 Bd6 5. O-O O-O 6. c4 b6 7. cxd5 exd5 8. Nc3
c6 9. Qc2 Re8 10. Nh4 Na6 11. a3 Bd7 12. e4 dxe4 13. Nxe4 Be7 14. Ng5 Rf8 15.
Nf5 Bxf5 16. Qxf5 Qxd4 17. Be3 Qg4 18. Qe5 Bc5 19. Bxc6 Rad8 20. Bf3 Qd7 21. b4
Bxe3 22. Qxe3 h6 23. Ne4 Nxe4 24. Bxe4 Qe6 25. Rad1 Nc7 26. Qf3 Nb5 27. Bd5 Qe5
28. Bxf7+ Kh8 29. Rxd8 Rxd8 30. Qe3 Qf6 31. Bc4 Nd4 32. f3 Nc2 33. Qb3 Qd4+ 34.
Rf2 Qd1+ 35. Bf1 Ne1 36. Qxd1 Rxd1 37. f4 Ra1 38. Re2 Nf3+ 39. Kg2 Nd4 40. Re8+
Kh7 41. Bd3+ g6 42. Re7+ Kg8 43. Rxa7 Ra2+ 44. Kh3 b5 45. Bxg6 Re2 46. Bh5 Rb2
47. Bg4 1-0